Post Mortem Techniques And Diagnostic Procedures/ (Record no. 198502)

MARC details
000 -LEADER
fixed length control field 00574nam a22001817a 4500
005 - DATE AND TIME OF LATEST TRANSACTION
control field 20230921120059.0
010 ## - LCCN (DPL NO)
LC control number ENG-138215
020 ## - INTERNATIONAL STANDARD BOOK NUMBER
Terms of availability 700.00
035 ## - SYSTEM CONTROL NUMBER
System control number EN-121747
037 ## - SOURCE OF ACQUISITION
Source of stock number/acquisition DBAD/PUB
082 ## - DEWEY DECIMAL CLASSIFICATION NUMBER
Classification number 616.0759028
245 ## - TITLE STATEMENT
Title Post Mortem Techniques And Diagnostic Procedures/
Statement of responsibility, etc Binay Kumar Sinha
260 ## - PUBLICATION, DISTRIBUTION, ETC. (IMPRINT)
Place of publication, distribution, etc Bihar
Name of publisher, distributor, etc MRS. Pushpa Sinha
Date of publication, distribution, etc 2011
270 ## - ADDRESS
Address 210/5,Vishal Residency ,Raja Bazaar Opp.Petrol Pump
City Patna
Postal code 800014
300 ## - PHYSICAL DESCRIPTION
Extent 614
Dimensions 25cm(pbk)
700 ## - ADDED ENTRY--PERSONAL NAME
Personal name Volga Kalpana Kannabiran
9 (RLIN) 56902
942 ## - ADDED ENTRY ELEMENTS (KOHA)
Source of classification or shelving scheme Dewey Decimal Classification
Item type English Books
Classification part 616.0759028
Call number suffix SIN
Holdings
Withdrawn status Lost status Not for loan Collection code Home library Current library Date acquired Source of acquisition Cost, normal purchase price Full call number Barcode Copy number Cost, replacement price Koha item type
      Non-fiction Sarojini Nagar Sarojini Nagar 21/09/2023 DBAD 700.00 616.0759028 SIN EN-121747 1 700.00 English Books

© Delhi Public Library
Hit Counter
free hit counter